000 00324nam a22001337a 4500
020 _a9789697088379
040 _cNUST
082 _a891.4393 NAS
100 _aNaseem Hijazi
245 _aMuhammad Bin Qasim
260 _aLahore:
_bJahangir Book Deport,
_c2010.
650 _aUrdu Literature-Novel
_91164
942 _2ddc
_cBK
999 _c594018
_d594018